Management information systems 9th ed (Record no. 82443)

MARC details
000 -LEADER
fixed length control field 00992nam a2200205 a 4500
008 - FIXED-LENGTH DATA ELEMENTS--GENERAL INFORMATION
fixed length control field 080924s2005 ||||||||||||||||| || u
020 ## - INTERNATIONAL STANDARD BOOK NUMBER
International Standard Book Number 1844801721
050 ## - LIBRARY OF CONGRESS CALL NUMBER
Classification number T 58.6 Luc
100 ## - MAIN ENTRY--PERSONAL NAME
Personal name Lucey, Terry
245 10 - TITLE STATEMENT
Title Management information systems 9th ed
Statement of responsibility, etc. Terry Lucey
250 ## - EDITION STATEMENT
Edition statement 9th ed.
260 ## - PUBLICATION, DISTRIBUTION, ETC.
Place of publication, distribution, etc. London
Name of publisher, distributor, etc. Bookpower
Date of publication, distribution, etc. 2005
300 ## - PHYSICAL DESCRIPTION
Extent xvii, 356p.: ill.
350 ## -
-- 110000.00
650 ## - SUBJECT ADDED ENTRY--TOPICAL TERM
Topical term or geographic name entry element INFORMATION
650 ## - SUBJECT ADDED ENTRY--TOPICAL TERM
Topical term or geographic name entry element MANAGEMENT INFORMATION SYSTEMS
995 ## -
-- MAIN LIBRARY OPEN ACCESS
-- 110000.00
-- 738265
-- CBU-MAIN LIBRARY (Kitwe)
-- 1
-- 0.00
-- T 58.6 Luc
-- 3
-- LOST
-- Sep 24, 2008
-- 738265
-- Main Library Open Access Collection
995 ## -
-- MAIN LIBRARY OPEN ACCESS
-- 110000.00
-- 738263
-- CBU-MAIN LIBRARY (Kitwe)
-- 1
-- 0.00
-- T 58.6 LUC
-- 1
-- AVAILABLE
-- Sep 24, 2008
-- 738263
-- Main Library Open Access Collection
995 ## -
-- MAIN LIBRARY OPEN ACCESS
-- 110000.00
-- 738263
-- CBU-MAIN LIBRARY (Kitwe)
-- 1
-- 0.00
-- T 58.6 Luc
-- 2
-- AVAILABLE
-- Sep 24, 2008
-- 738264
-- Main Library Open Access Collection
999 ## -
-- 82443
-- 82443
Holdings
Withdrawn status Lost status Source of classification or shelving scheme Damaged status Not for loan Permanent Location Current Location Shelving location Date acquired Total Checkouts Full call number Barcode Date last seen Copy number Price effective from Koha item type
          CBU-MAIN LIBRARY, KITWE. CBU-MAIN LIBRARY, KITWE.   09/29/2023   T 58.6 Luc 738265 09/29/2023 1 09/29/2023 MONOGRAPH
          CBU-MAIN LIBRARY, KITWE. CBU-MAIN LIBRARY, KITWE.   09/29/2023   T 58.6 Luc 738263 09/29/2023 2 09/29/2023 MONOGRAPH
          CBU-MAIN LIBRARY, KITWE. CBU-MAIN LIBRARY, KITWE.   09/29/2023   T 58.6 Luc 738264 09/29/2023 3 09/29/2023 MONOGRAPH